Statystyki dla 15 najbardziej dotkniętych krajów Covid-19 - 28 sierpnia

Kliknij tutaj aby rozwiązać quiz!

Ogólne statystyki

  • Ten quiz został rozwiązany 19 razy
  • Średni wynik to 9 z 24

Statystyki odpowiedzi

kraj% Poprawnych
Stany Zjednoczone
100%
Rosja
89%
Indie
68%
Brazylia
63%
Wielka Brytania
63%
Argentyna
53%
Hiszpania
53%
Meksyk
42%
Chile
37%
Chile
37%
Iran
32%
Izrael
26%
Republika
Południowej Afryki
26%
Kolumbia
21%
Panama
21%
Peru
21%
Arabia Saudyjska
16%
Bangladesz
16%
Katar
16%
Oman
16%
Armenia
11%
Bahrajn
11%
Kuwejt
11%
Singapur
11%

Rozkład punktacji

Percentyl według liczby udzielonych odpowiedzi

Procent ludzi z każdym wynikiem

Twoja historia wyników

Nie rozwiązałeś tego quizu